Text book of Mohammedan law

Enregistré dans:
Détails bibliographiques
Auteur principal: Ahmad, Aqil
Autres auteurs: Khan I.A
Format: Livre
Publié: Moti Lal Nehru : Central law Agency, c1999
Édition:19th rev. ed.
Sujets:
Tags: Ajouter un tag
Pas de tags, Soyez le premier à ajouter un tag!

MARC

LEADER 00000nam a2200000 4500
005 20260331054214.0
020 |a NA 
040 |a MCCL  |b eng.  |e AACR 19th. rev ed. 
082 |a 340.59 AHM 
100 |a Ahmad, Aqil 
245 |a Text book of Mohammedan law  |c / Aqil Ahmad and edited by I. A. Khan 
250 |a 19th rev. ed. 
260 |a Moti Lal Nehru :  |b Central law Agency,  |c c1999 
300 |a xxiii, 390 p. :  |c 22 cm. 
504 |a Includes bibliographical references  
546 |a eng. 
650 |a Muslim concept of law 
650 |a THE QURAN 
650 |a Nature of marriage 
700 |a Khan I.A. 
942 |c BK 
999 |c 12565  |d 12565